000 00691nam a2200217Ia 4500
003 IN-BaIIA
008 211028s9999 xx 000 0 eng d
020 _a0-8243-0942-1
040 _cIIA Library
080 _a047.1:52
_bARA-42
245 0 _aAnnual review of astronomy and astrophysics
_bvol. 42
_cedited by Geoffery Burbidge, Roger Blandford and Allan Sandage
260 _aCalifornia
_bAnnual Reviews
_c2004
300 _aix; 763p.
650 _aInterstellar Turbulence
_929069
650 _aLunar Formation
_929070
650 _aPlanet Formation
_924753
650 _aSunspots
700 _aBlandford, Roger, ed.
_928594
700 _aSandage, Allan, ed.
_99048
942 _cBK
999 _c15765
_d15765